000 00515nam a2200205Ia 4500
008 191130s2009##################000#0#eng##
020 _a9781861978806
040 _aACL
_cACL
082 _a936.2319 HIL
100 _aHill, Rosemary
245 _aStonehenge
_cRosemary Hill
260 _aLondon
_bProfile
_c2009
300 _a242
650 _aAntiquities
650 _aEngland--Wiltshire
650 _aHistoriography
990 _a0ac64e1cac10000c0d65d16a6c5eda4e
991 _a139046
999 _c395008
_d395008